000 00480nam a2200181 a 4500
001 1772883571122
003 YourLibrary
005 20260307171106.0
008 260307s2003##################000#0#eng##
020 _a9780130908667
082 0 4 _a327.101
_bVAS
100 1 _aVasquez, John A.,
_eauthor.
245 1 0 _aRealism and the Balancing of Power :
260 _bPearson,
_c2003.
650 0 _aBalance of power.
942 _cENGLISH
040 _aYourLibrary
_beng
_cYourLibrary
999 _c617156
_d617156